| 000 | 00889cam a22002893a 4500 | ||
|---|---|---|---|
| 001 | 24120 | ||
| 003 | PGUSA | ||
| 005 | 20140828083521.0 | ||
| 008 | 080131s2008||||xxu|||||s|||||000 1 eng d | ||
| 040 |
_aPGUSA _beng |
||
| 042 | _adc | ||
| 050 | 4 | _aPR | |
| 100 | 1 |
_aMartineau, Harriet, _d1802-1876 |
|
| 245 | 1 | 4 |
_aThe Hour and the Man, An Historical Romance _h[electronic resource] / _cHarriet Martineau |
| 260 |
_bProject Gutenberg, _c2008 |
||
| 506 | _aPublic domain in the USA. | ||
| 516 | _aElectronic text | ||
| 653 | _aHistorical fiction | ||
| 653 | _aToussaint Louverture, 1743?-1803 | ||
| 653 | _aGenerals -- Fiction | ||
| 653 | _aBiographical fiction | ||
| 653 | _aHaiti -- History -- Revolution, 1791-1804 -- Fiction | ||
| 653 | _aRevolutionaries -- Fiction | ||
| 830 | 0 |
_aProject Gutenberg _v24120 |
|
| 856 | 4 | 0 | _uhttp://www.gutenberg.org/ebooks/24120 |
| 942 | _cEB | ||
| 999 |
_c253375 _d253375 |
||